Normal view
MARC view
- التصنيف العملي-نظام ديوي
Entry Topical Term
001 - CONTROL NUMBER
- control field: 8861
003 - CONTROL NUMBER IDENTIFIER
- control field: JO-AjAnu
005 - DATE AND TIME OF LATEST TRANSACTION
- control field: 20230606071728.0
008 - FIXED-LENGTH DATA ELEMENTS
- fixed length control field: 230606|| aca||aabn | a|a d
040 ## - CATALOGING SOURCE
- Original cataloging agency: JO-AjAnu
- Transcribing agency: JO-AjAnu
150 ## - HEADING--TOPICAL TERM
- Topical term or geographic name entry element: التصنيف العملي-نظام ديوي
670 ## - SOURCE DATA FOUND
- Source citation: Work cat.: (JO-AjAnu)4572: اعداد الدباس ، اسماعيل احمد واخرون , author 8860, الدليل العملي للتصنيف في المكتبات ومراكز التوثيق والمعلومات